[Event "Campobasso op 16th"]
[Site "Campobasso"]
[Date "2009.07.25"]
[Round "3"]
[White "Locci, Damiano"]
[Black "Vitobello, Pasquale"]
[Result "1/2-1/2"]
[WhiteElo "2119"]
[BlackElo "2015"]
[PlyCount "118"]
[EventDate "2009.07.24"]
[EventType "swiss"]
[EventRounds "6"]
[EventCountry "ITA"]
[SourceTitle "EXT 2012"]
[Source "ChessBase"]
[SourceDate "2011.11.24"]
[SourceVersion "1"]
[SourceVersionDate "2011.11.24"]
[SourceQuality "1"]

1. c4 e5 2. Nc3 d6 3. Nf3 f5 4. d4 e4 5. Ng1 Nf6 6. g3 c6 7. Bg2 d5 8. cxd5 cxd5 9. Nh3 Nc6 10. 0-0 Bd6 11. Bf4 0-0 12. Bxd6 Qxd6 13. a3 a6 14. b4 b6 15. Qd2 Bd7 16. Rfc1 Ne7 17. e3 Rfc8 18. Bf1 b5 19. Nf4 Qb6 20. Qa2 Qd6 21. Qb3 Rab8 22. Na2 Rc6 23. Rc5 Rxc5 24. dxc5 Qe5 25. Rd1 g5 26. Ne2 Nc6 27. Qc3 Qxc3 28. Naxc3 Be6 29. Nd4 Nxd4 30. Rxd4 Kf7 31. a4 bxa4 32. Nxa4 Nd7 33. Bxa6 Ne5 34. Rd1 Rxb4 35. Nc3 Nf3+ 36. Kg2 d4 37. exd4 Rxd4 38. Rb1 Ne5 39. Rb7+ Rd7 40. Rb6 Rc7 41. Na4 Nd7 42. Rb7 Rxb7 43. Bxb7 Ne5 44. Nb6 Ke8 45. c6 Kd8 46. Na8 Bc8 47. c7+ Kd7 48. Nb6+ Kxc7 49. Bxc8 f4 50. Bf5 Kxb6 51. Bxe4 h6 52. Kh3 Kc5 53. gxf4 gxf4 54. Kh4 Kd4 55. Bb7 Kd3 56. Kh5 Ke2 57. Kxh6 Kxf2 58. Kg5 Ke3 59. h4 f3 1/2-1/2

[Event "Campobasso op 16th"]
[Site "Campobasso"]
[Date "2009.07.25"]
[Round "4"]
[White "Vitobello, Pasquale"]
[Black "Cocchia, Umberto"]
[Result "1-0"]
[WhiteElo "2015"]
[BlackElo "1653"]
[PlyCount "73"]
[EventDate "2009.07.24"]
[EventType "swiss"]
[EventRounds "6"]
[EventCountry "ITA"]
[SourceTitle "EXT 2012"]
[Source "ChessBase"]
[SourceDate "2011.11.24"]
[SourceVersion "1"]
[SourceVersionDate "2011.11.24"]
[SourceQuality "1"]

1. Nf3 Nf6 2. g3 g6 3. b3 Bg7 4. Bb2 d6 5. Bg2 0-0 6. d4 Nbd7 7. 0-0 Re8 8. c4 c5 9. d5 Rb8 10. Qc2 a6 11. Nbd2 b5 12. e4 b4 13. e5 Ng4 14. exd6 exd6 15. Bxg7 Kxg7 16. Rfe1 Nge5 17. h3 Nxf3+ 18. Nxf3 Nf6 19. Rxe8 Qxe8 20. Re1 Qd8 21. Qb2 Kg8 22. Re3 Bf5 23. Nd2 Rb7 24. g4 Bc8 25. Rf3 Nd7 26. Ne4 Qe7 27. Re3 Qe5 28. Qxe5 dxe5 29. Nd6 Rc7 30. f4 f6 31. g5 exf4 32. Re8+ Nf8 33. Rxc8 Rxc8 34. Nxc8 fxg5 35. d6 Ne6 36. Bd5 Kf7 37. d7 1-0

[Event "Campobasso op 16th"]
[Site "Campobasso"]
[Date "2009.07.24"]
[Round "1"]
[White "Lazic, Miroljub"]
[Black "Vitobello, Pasquale"]
[Result "1-0"]
[WhiteElo "2454"]
[BlackElo "2015"]
[PlyCount "31"]
[EventDate "2009.07.24"]
[EventType "swiss"]
[EventRounds "6"]
[EventCountry "ITA"]
[SourceTitle "EXT 2012"]
[Source "ChessBase"]
[SourceDate "2011.11.24"]
[SourceVersion "1"]
[SourceVersionDate "2011.11.24"]
[SourceQuality "1"]

1. g3 d5 2. Nf3 Nf6 3. Bg2 c6 4. 0-0 Bg4 5. c4 e6 6. Qb3 Qc7 7. d4 dxc4 8. Qxc4 Nbd7 9. Nc3 Nb6 10. Qb3 Nbd5 11. Re1 Bf5 12. e4 Nxc3 13. exf5 Ncd5 14. fxe6 0-0-0 15. exf7 Qxf7 16. Bf4 1-0